Data networks (Record no. 179757)

000 -LEADER
fixed length control field 00412nam a2200145Ia 4500
008 - FIXED-LENGTH DATA ELEMENTS--GENERAL INFORMATION
fixed length control field 220217s9999||||xx |||||||||||||| ||und||
020 ## - INTERNATIONAL STANDARD BOOK NUMBER
International Standard Book Number 978-81-203-0780-3
082 ## - DEWEY DECIMAL CLASSIFICATION NUMBER
Classification number 004.6 BER
100 ## - MAIN ENTRY--PERSONAL NAME
Personal name Bertsekas, Dimitri and Gallager, Robert
9 (RLIN) 6808
245 #0 - TITLE STATEMENT
Title Data networks
250 ## - EDITION STATEMENT
Edition statement 2nd
260 ## - PUBLICATION, DISTRIBUTION, ETC.
Place of publication, distribution, etc. Prentice hall of india
Name of publisher, distributor, etc. New Delhi
Date of publication, distribution, etc. 1992
300 ## - PHYSICAL DESCRIPTION
Extent XIX, 598p.
Other physical details 325
650 ## - SUBJECT ADDED ENTRY--TOPICAL TERM
Topical term or geographic name entry element COMPUTER NETWORK
Holdings
Withdrawn status Lost status Damaged status Not for loan Collection code Home library Current library Shelving location Date acquired Full call number Barcode Date last seen Price effective from Koha item type
        Computer Science and Engineering Central Library Central Library Book Cart 02/18/2022 004.6 BER 14946 02/18/2022 02/18/2022 Books

Powered by Koha